[Event "3rd India-China Summit 2018"]
[Site "Bhubaneswar"]
[Date "2018.10.20"]
[Round "1"]
[White "Lu, Shanglei"]
[Black "Karthikeyan, Murali"]
[Result "1-0"]
[WhiteElo "2635"]
[BlackElo "2605"]
[Annotator "TA"]
[PlyCount "119"]
[EventDate "2018.10.17"]
[EventType "schev"]
[EventCountry "IND"]
[SourceTitle "playchess.com"]
[Source "ChessBase"]
[SourceQuality "1"]
[WhiteTeam "China"]
[BlackTeam "India"]
[WhiteTeamCountry "CHN"]
[BlackTeamCountry "IND"]

{[%evp 24,119,44,29,57,62,53,54,63,60,59,59,55,50,60,-33,85,-214,90,74,75,64,59,12,38,0,0,0,0,-60,32,0,0,0,0,0,0,0,0,0,0,0,0,0,12,0,47,51,45,53,328,336,522,513,547,528,507,495,1229,1152,1505,837,12804,12803,12802,6099,12818,12814,12818,12819,12823,12825,12823,12826,12828,12825,12824,12810,12824,12825,12164,7095,12828,12834,12841,12841,12845,12843,29941,29940,29951,29945,29952,5583,29968,29967,29963,29962]} 1. e4 c5 2. Nf3 d6 3. d4 Nf6 4. Nc3 cxd4 5. Nxd4 Nc6 6. f3 e5 7. Nb3 Be7 8. Be3 Be6 9. Nd5 O-O 10. Qd2 a5 {B56: Classical Sicilian: Unusual Lines} 11. Bb6 (11. c4 a4 12. Nc1 Bxd5 13. cxd5 Nd4 14. Ne2 Nxe2 15. Bxe2 Nd7 16. O-O h6 17. Bb5 Nc5 18. Bxc5 dxc5 {1-0 (39) Caruana,F (2823)-Topalov,V (2760) Saint Louis 2016}) 11... Qd7 12. Bb5 Bd8 13. Bxa5 {LiveBook: 3 Games} Bxa5 14. Nxf6+ gxf6 15. Nxa5 Rxa5 {[#]} 16. Qxa5 $1 {[%mdl 512]} Nxa5 17. Bxd7 Bxd7 18. O-O-O $1 Be6 $146 19. Rd2 ({White should try} 19. Rxd6 $14 Ra8 20. b3) 19... d5 (19... Rc8 $15 {keeps the upper hand.}) 20. Rxd5 $2 {[%mdl 8192]} (20. exd5 $16 {is necessary to keep the advantage.} Bf5 21. b3) 20... Nc4 $2 (20... Bxd5 $19 21. exd5 Rd8) 21. Rd3 Ra8 22. Kb1 f5 23. Rhd1 {White wants to play b3.} f4 24. Rd8+ (24. b3 {looks sharper.} Ne3 25. R1d2 Kg7 26. Rd6 Rg8 27. Rb6) 24... Rxd8 25. Rxd8+ Kg7 26. Rd1 (26. a4 $11) 26... Kg8 (26... f5 $15) 27. Rd8+ Kg7 28. Kc1 Ne3 29. Rd2 h5 30. g3 h4 31. gxf4 exf4 32. Rd4 h3 {White must now prevent ...Nf1.} 33. Kd2 $1 Nc4+ 34. Ke2 Nxb2 35. Rb4 $1 {[%csl LRb2,LRb7]} Nc4 36. Rxb7 {aiming for a4.} Ne3 $2 {[%mdl 8192]} (36... Nd6 $14 37. Rb2 Nc4) 37. a4 $18 Bc4+ {[#]} (37... Nc4 {keeps fighting.} 38. Ra7 Ne5) 38. Kf2 $1 Nxc2 39. a5 Ne3 40. Rb6 f5 (40... Nd1+ $142 41. Ke1 Ne3) 41. e5 Bd5 42. Rd6 Ba8 43. Rd7+ Kg6 44. Rd8 Bd5 45. a6 Kf7 46. a7 Bc6 47. a8=Q Bxa8 48. Rxa8 {[%mdl 4096] Endgame KR-KN} Nc4 49. Ra7+ Ke6 50. Rh7 Nxe5 51. Rxh3 Kf6 52. Rh8 Kg7 53. Re8 Ng6 54. Ke2 Nh4 55. Re6 Kh7 56. Ra6 Kg7 57. Ra4 Ng6 58. Ra7+ Kh6 59. Ra6 Kh5 {[#]} 60. Rxg6 $1 {[%mdl 512] Precision: White = 65%, Black = 24%.} 1-0

[Event "3rd India-China Summit 2018"]
[Site "Bhubaneswar"]
[Date "2018.10.20"]
[Round "1"]
[White "Narayanan, Srinath"]
[Black "Xu, Xiangyu"]
[Result "1-0"]
[WhiteElo "2565"]
[BlackElo "2586"]
[Annotator "TA"]
[PlyCount "62"]
[EventDate "2018.10.17"]
[EventType "schev"]
[EventCountry "IND"]
[SourceTitle "playchess.com"]
[Source "ChessBase"]
[SourceQuality "1"]
[WhiteTeam "India"]
[BlackTeam "China"]
[WhiteTeamCountry "IND"]
[BlackTeamCountry "CHN"]

{[%evp 14,62,26,18,46,0,29,31,45,60,58,12,56,12,33,18,57,25,83,83,107,94,100,110,104,95,140,121,308,307,332,335,336,333,327,321,320,304,351,336,330,322,485,338,491,499,498,522,604,622,767]} 1. e4 e5 2. Nf3 Nf6 3. Nxe5 d6 4. Nf3 Nxe4 5. d3 Nf6 6. d4 Be7 7. Bd3 O-O {C42: Petroff Defence: 3 Nxe5 and unusual White 3rd moves} 8. O-O {LiveBook: 45 Games} (8. h3 c5 9. O-O Nc6 10. Nc3 h6 11. Bf4 Nb4 12. Re1 Re8 13. Bf1 Bf5 14. Rc1 Bf8 15. Rxe8 Qxe8 {½-½ (75) Kasimdzhanov,R (2683)-Yu,Y (2751) Riadh 2017}) 8... b6 9. d5 Bb7 {The position is equal.} 10. c4 Nbd7 11. Nc3 Re8 12. h3 Bf8 13. Bf4 $146 ({Predecessor:} 13. Nd4 g6 14. Bc2 Bg7 15. Bg5 {½-½ (43) Nikolenko,O (2545)-Chadaev,N (2565) Moscow 2010}) 13... g6 14. Qd2 Bg7 15. Bg5 Qe7 (15... c6 $11 {keeps the balance.}) 16. Bc2 $16 {[%cal Bd3c2,Bc2a4,Ba4c6,Bc6d5][%mdl 32]} Ba6 17. Ba4 $36 {[%mdl 2048] White has strong initiative.} Bxc4 18. Rfe1 Qf8 19. Rxe8 Qxe8 20. Bc6 {Threatens to win with Qf4.} Rb8 $2 {[#]} (20... Qc8 $16 {was necessary.}) 21. Qf4 $18 Bxd5 22. Bxd5 ({Don't take} 22. Nxd5 Nxd5 23. Bxd5 Ne5) 22... Qf8 23. Bc6 h6 24. Bxf6 Nxf6 25. Re1 Qd8 26. Qa4 a5 27. Nd4 Kh7 (27... d5 $142 28. Nxd5 b5) 28. Qc4 d5 (28... Qf8 $142 29. Ndb5 Rc8) 29. Bxd5 {White is clearly winning.} b5 30. Ndxb5 Nxd5 31. Nxd5 Qd7 {Precision: White = 71%, Black = 23%.} 1-0

[Event "3rd India-China Summit 2018"]
[Site "Bhubaneswar"]
[Date "2018.10.20"]
[Round "1"]
[White "Bai, Jinshi"]
[Black "Aravindh, Chithambaram VR."]
[Result "1/2-1/2"]
[WhiteElo "2556"]
[BlackElo "2578"]
[Annotator "TA"]
[PlyCount "63"]
[EventDate "2018.10.17"]
[EventType "schev"]
[EventCountry "IND"]
[SourceTitle "playchess.com"]
[Source "ChessBase"]
[SourceQuality "1"]
[WhiteTeam "China"]
[BlackTeam "India"]
[WhiteTeamCountry "CHN"]
[BlackTeamCountry "IND"]

{[%evp 10,63,15,-2,-6,-2,0,0,0,-4,0,1,9,11,7,0,1,-16,0,-12,0,-7,0,-8,0,0,0,0,0,0,0,0,0,-35,-2,-10,-14,-20,-14,-14,-11,-18,-10,-27,0,0,0,0,0,0,0,0,0,0,0,0]} 1. d4 Nf6 2. c4 e6 3. Nc3 Bb4 4. Nf3 Nc6 5. Bg5 h6 6. Bxf6 {LiveBook: 8 Games. E30: Nimzo-Indian: Leningrad Variation} (6. Bh4 g5 7. Bg3 Ne4 8. Qc2 d5 9. e3 h5 10. h3 Nxg3 11. fxg3 Qd6 12. Kf2 Qd8 13. cxd5 exd5 14. Bb5 Kf8 15. a3 Be7 16. Bxc6 bxc6 {0-1 (40) Sarkar,J (2307)-Gutman,G (2476) Pardubice 2018}) 6... Bxc3+ ({Much worse is} 6... gxf6 7. e4 $16) 7. bxc3 Qxf6 8. e3 d6 9. Bd3 O-O 10. O-O Bd7 $146 ({Predecessor:} 10... Qe7 11. Qc2 {½-½ (23) Bensiek,N (2360)-Schiendorfer,R (2327) ICCF email 2008}) 11. Nd2 e5 12. Rb1 b6 13. Be4 Rad8 14. f4 exd4 15. cxd4 Na5 16. Bd3 Bf5 17. Qc2 Bxd3 18. Qxd3 d5 19. cxd5 Rxd5 20. Nf3 c5 21. Qe4 (21. e4 $5 {[%cal Re4d5]} Rd7 22. f5 $11) 21... Rfd8 {[%cal Rc5d4]} 22. dxc5 Rxc5 23. Rbd1 Rcc8 24. Rxd8+ Qxd8 25. h3 Qd7 26. Rf2 Re8 27. Rd2 {The position is equal.} Qc8 28. Rc2 Qd7 29. Rd2 Qc8 30. Rc2 Qd8 31. Rd2 Qc8 32. Rc2 {Precision: White = 52%, Black = 57%.} 1/2-1/2

[Event "3rd India-China Summit 2018"]
[Site "Bhubaneswar"]
[Date "2018.10.20"]
[Round "1"]
[White "Aryan Chopra"]
[Black "Xu, Yinglun"]
[Result "1/2-1/2"]
[WhiteElo "2541"]
[BlackElo "2533"]
[Annotator "TA"]
[PlyCount "130"]
[EventDate "2018.10.17"]
[EventType "schev"]
[EventCountry "IND"]
[SourceTitle "playchess.com"]
[Source "ChessBase"]
[SourceQuality "1"]
[WhiteTeam "India"]
[BlackTeam "China"]
[WhiteTeamCountry "IND"]
[BlackTeamCountry "CHN"]

{[%evp 19,130,0,39,36,27,31,30,30,23,28,39,31,53,0,43,18,92,96,100,96,112,112,105,81,106,98,111,81,93,56,87,76,75,75,89,72,85,85,87,86,121,122,124,131,139,132,118,135,125,127,106,131,161,159,173,173,169,169,179,177,181,129,160,168,216,86,81,62,75,85,68,54,95,95,95,78,81,84,95,62,133,137,153,149,143,8,8,8,8,8,8,8,8,8,8,8,8,0,0,0,8,0,8,8,8,8,8,0,8,0,8,8,8]} 1. e4 c5 2. Nf3 d6 3. d4 cxd4 4. Nxd4 Nf6 5. Nc3 a6 6. Be3 e6 7. Qd2 b5 8. a3 {B80: Sicilian Scheveningen: 6 g3 and 6 Be3, including English Attack} Nbd7 9. f3 Bb7 (9... h5 10. Bd3 Bb7 11. Nde2 Be7 12. Nf4 Rc8 13. O-O Ne5 14. Rad1 Qc7 15. Bf2 g5 16. Nfe2 Rg8 {0-1 (62) Abdusattorov,N (2539)-Korobov,A (2664) Abu Dhabi 2018}) 10. g4 Nb6 {LiveBook: 20 Games} 11. Nb3 Nc4 12. Bxc4 $1 bxc4 13. Nd4 Rb8 14. O-O-O {[%cal Be1c1,Bc1b1,Bb1a1][%mdl 32]} Ba8 15. Kb1 Be7 16. g5 $146 ({White should play} 16. Ka1 $14) ({Predecessor:} 16. Ka1 O-O {½-½ (40) Wurschner,M (2388)-Domanov,D (2437) LSS email 2012}) 16... Nd7 17. Ka1 Qb6 (17... Qa5 $1 $11) 18. Rb1 $16 Qc7 19. h4 Nc5 20. h5 O-O 21. Qh2 Rfd8 22. Qh3 Bb7 {[#]} 23. g6 $1 {[%mdl 512]} Bf6 (23... fxg6 24. hxg6) 24. h6 {Strongly threatening hxg7.} (24. Nde2 {with more complications.} Re8 25. Qg3 Rf8 26. Rbd1 Rfd8 27. Qg1) 24... fxg6 25. hxg7 Qxg7 26. Nxe6 Bc8 27. Nxg7 Bxh3 28. Nd5 $36 {[%mdl 2048] White is really pushing.} (28. Rxh3 $6 Bxc3 29. bxc3 Rxb1+ 30. Kxb1 Kxg7 $11) 28... Bxg7 29. Rxh3 {Ne7+ is the strong threat.} Na4 {[%cal Rb8b2]} 30. Ne7+ Kf8 {[%cal Rb8b2]} 31. Rxh7 Rd7 {[#]} 32. Bh6 $1 Rxe7 33. Rh8+ $1 Kf7 34. Bxg7 (34. Rxb8 Bxh6 35. Rb4 Nc5 $14) 34... Rxh8 35. Bxh8 {[%mdl 4096] Endgame KRB-KRN} Nc5 36. Bc3 Re8 37. Bb4 Nb7 38. Rd1 Ke6 39. Rg1 Rg8 40. f4 (40. Kb1 $18) 40... a5 41. Bc3 Nc5 42. Re1 ({Resist} 42. Bxa5 $6 Nxe4 43. Bb6 Kf5 $14) (42. f5+ $18 {and White stays clearly on top.} Kf7 43. fxg6+ (43. Bxa5 g5 $16) 43... Rxg6 44. Rxg6 Kxg6 45. Bxa5) 42... Rf8 43. e5 Rxf4 44. exd6+ ({Of course not} 44. Bxa5 dxe5 45. Bd2 Rd4 $11) 44... Ne4 45. Bd2 Rg4 46. Bxa5 {Threatens to win with Bb4.} Kxd6 47. Bb6 g5 48. a4 Kc6 49. Bd4 Rf4 {[#]} (49... Nd6 $14 50. Bc3 Re4) 50. Ka2 $1 Nd6 51. c3 Re4 52. Rxe4 (52. Rh1 $16) 52... Nxe4 {KB-KN. The position is equal.} 53. Ka3 {Black must now prevent Kb4.} Nc5 $1 54. Kb4 $1 {[%csl LRc4,LRc5]} Nd3+ 55. Kxc4 Nxb2+ 56. Kb3 Nd3 57. Kc2 Nf4 58. c4 g4 59. Bf2 Ng6 60. Bg3 Ne7 61. Kd3 Nf5 62. Bf2 g3 63. Bg1 $1 Nd6 64. a5 Nxc4 65. Kxc4 Kb7 {Precision: White = 60%, Black = 54%.} 1/2-1/2

[Event "3rd India-China Summit 2018"]
[Site "Bhubaneswar"]
[Date "2018.10.20"]
[Round "2"]
[White "Karthikeyan, Murali"]
[Black "Lu, Shanglei"]
[Result "1-0"]
[WhiteElo "2605"]
[BlackElo "2635"]
[Annotator "TA"]
[PlyCount "95"]
[EventDate "2018.10.17"]
[EventType "schev"]
[EventCountry "IND"]
[SourceTitle "playchess.com"]
[Source "ChessBase"]
[SourceQuality "1"]
[WhiteTeam "India"]
[BlackTeam "China"]
[WhiteTeamCountry "IND"]
[BlackTeamCountry "CHN"]

{[%evp 16,95,37,1,29,36,43,43,36,33,56,58,86,66,99,34,37,40,38,0,31,0,0,0,39,0,18,0,0,0,0,-35,0,0,0,7,18,0,0,0,0,0,0,0,0,0,0,0,0,0,0,0,0,0,0,0,0,0,0,0,0,0,0,0,0,0,0,0,0,0,0,0,320,316,842,236,29977,29978,29978,29979,29979,29973]} 1. e4 c5 2. Nf3 d6 3. d4 cxd4 4. Nxd4 Nf6 5. Nc3 a6 6. Bd3 g6 7. f3 Bg7 8. Be3 Nc6 {B72: Sicilian Dragon: 6 Be3, lines with h3+Bc4 and sidelines} 9. Qd2 {LiveBook: 4 Games} Nxd4 (9... O-O 10. O-O-O Ne5 11. Be2 b5 12. Bh6 Qa5 13. Kb1 b4 14. Nd5 Nxd5 15. exd5 Bxh6 16. Qxh6 {½-½ (45) Paravyan,D (2630)-Sjugirov,S (2677) St Petersburg 2018}) 10. Bxd4 e5 $146 {White is slightly better.} ({Predecessor:} 10... b5 11. Nd5 e5 12. Bb6 Qd7 13. Nc7+ Ke7 14. Nxa8 Qc6 {1-0 (40) Cherniuk,M (2096)-Samartsev,A (2356) Khanty-Mansiysk 2008}) 11. Be3 Be6 12. O-O-O Rc8 13. Be2 Bf8 14. Kb1 Be7 15. Nd5 (15. g4 $16) 15... Nxd5 $14 16. exd5 Bf5 17. Bd3 Qd7 18. f4 Bxd3 19. Qxd3 exf4 20. Bxf4 (20. Qd4 $5 {[%cal Rd4h8]} O-O 21. Qxf4 $11) 20... O-O $1 21. h4 {[%cal Bh2h4,Bh4h5][%mdl 32]} Bf6 22. h5 g5 23. Be3 h6 24. Rhf1 Be5 25. Bd4 {Black should prevent Bxe5.} Rce8 26. Bxe5 Rxe5 27. Rf6 Kg7 $1 {[%cal Rg7f6]} 28. Rdf1 {[#] Threatens to win with Rg6+!} Qe7 29. a3 Re1+ $1 30. Ka2 Rxf1 31. Rxf1 $11 {[%mdl 4096] Endgame KQR-KQR} Re8 32. Qf5 Qc7 33. Qf6+ Kg8 34. Ka1 Re2 35. c4 Qe7 36. Qxe7 ({Don't play} 36. Qxh6 Rxg2 37. Kb1 Qe4+ 38. Ka1 Qe5 $17) 36... Rxe7 {KR-KR} 37. Rf6 Re4 38. b3 Rg4 39. Rxh6 Rxg2 40. Rxd6 g4 {And now ...g3 would win.} 41. Rf6 Kg7 $1 {[%cal Rg7f6]} 42. Rf4 g3 43. d6 {[%cal Bd5d6,Bd6d7][%mdl 32] Strongly threatening Rd4.} Rg1+ $2 {[%mdl 8192]} (43... Kh6 $11 {and Black is okay.}) 44. Kb2 $18 Kh6 $2 (44... g2 45. Rg4+ Kf8) 45. Rf6+ $2 (45. Kc2 Rg2+ 46. Kd3) 45... Kxh5 $2 (45... Kg7 $18 46. Rf3 Kf8) 46. d7 {White mates.} Rd1 47. Rf5+ Kg4 {[#]} 48. Rd5 $1 {Precision: White = 54%, Black = 58%.} ({Inferior is} 48. Rxf7 g2 $11) 1-0

[Event "3rd India-China Summit 2018"]
[Site "Bhubaneswar"]
[Date "2018.10.20"]
[Round "2"]
[White "Xu, Xiangyu"]
[Black "Narayanan, Srinath"]
[Result "1/2-1/2"]
[WhiteElo "2586"]
[BlackElo "2565"]
[Annotator "TA"]
[PlyCount "99"]
[EventDate "2018.10.17"]
[EventType "schev"]
[EventCountry "IND"]
[SourceTitle "playchess.com"]
[Source "ChessBase"]
[SourceQuality "1"]
[WhiteTeam "China"]
[BlackTeam "India"]
[WhiteTeamCountry "CHN"]
[BlackTeamCountry "IND"]

{[%evp 39,99,37,60,57,36,35,53,56,39,32,58,42,44,39,56,53,47,0,0,0,0,0,8,8,8,8,8,0,0,0,9,8,14,8,8,8,9,9,9,9,62,0,0,0,0,0,0,0,0,0,0,0,0,0,0,0,0,0,0,0,0,0]} 1. d4 Nf6 2. c4 e6 3. Nf3 d5 4. Nc3 dxc4 5. e3 a6 6. a4 c5 7. Bxc4 Nc6 8. O-O Be7 9. Qe2 cxd4 10. Rd1 e5 11. exd4 exd4 12. Nxd4 Nxd4 13. Qe5 Qd6 14. Qxd6 Bxd6 15. Rxd4 Bc5 16. Rd1 {D27: Queen's Gambit Accepted: Classical main line: 7 e4!? and 7 a4} O-O 17. Bg5 (17. h3 Be6 18. Bxe6 fxe6 19. Kf1 Nd5 20. f3 Nxc3 21. bxc3 Rac8 22. Rb1 b6 23. Re1 Rc6 {½-½ (31) Eljanov,P (2741)-Caruana,F (2813) Douglas 2016}) 17... Be6 18. Bxe6 fxe6 19. Bxf6 gxf6 20. Ne4 Bb4 {LiveBook: 5 Games} 21. Rac1 {Threatens to win with Rc7.} Rf7 {[#]} 22. Kf1 $146 ({Predecessor:} 22. Rd3 h6 23. f4 a5 {1-0 (53) Hertneck,G (2551)-Wells,P (2517) Austria 2002}) 22... h6 23. Rc4 a5 24. Rd7 Raf8 25. Rcc7 Rxd7 26. Rxd7 $14 {[%mdl 4096] Endgame KRB-KRN} Rf7 27. Rd8+ Kh7 28. g4 f5 29. gxf5 Rxf5 30. Rd7+ Kg6 31. Rxb7 Rf4 32. Ng3 Rd4 33. Rb6 Kf7 34. Rb7+ Kg6 35. Rb5 Rd2 36. Nh5 Rxb2 37. Nf4+ Kf6 38. Nd3 Rb1+ 39. Ke2 Kf7 (39... e5 $11) 40. Ne5+ (40. Nxb4 $14 axb4 41. Kd3) 40... Kf6 $11 {[#] White must now prevent ...Re1+.The position is equal.} 41. Nc6 Re1+ 42. Kf3 Bc3 43. Rc5 Bb4 44. Rb5 Bc3 45. Nxa5 Ra1 46. Nb3 Rxa4 47. Nc5 Ra3 48. Ne4+ Kg6 49. Kg4 Bf6 50. Nxf6 {Precision: White = 68%, Black = 66%.} 1/2-1/2

[Event "3rd India-China Summit 2018"]
[Site "Bhubaneswar"]
[Date "2018.10.20"]
[Round "2"]
[White "Aravindh, Chithambaram VR."]
[Black "Bai, Jinshi"]
[Result "1/2-1/2"]
[WhiteElo "2578"]
[BlackElo "2556"]
[Annotator "TA"]
[PlyCount "117"]
[EventDate "2018.10.17"]
[EventType "schev"]
[EventCountry "IND"]
[SourceTitle "playchess.com"]
[Source "ChessBase"]
[SourceQuality "1"]
[WhiteTeam "India"]
[BlackTeam "China"]
[WhiteTeamCountry "IND"]
[BlackTeamCountry "CHN"]

{[%evp 13,117,15,26,21,26,22,28,27,35,32,37,14,14,14,14,14,23,28,29,31,37,25,35,31,33,18,19,20,45,44,58,56,52,41,66,52,88,85,91,79,92,85,84,0,98,86,83,94,100,79,102,47,49,22,129,22,77,68,106,43,107,76,72,68,99,15,76,46,75,44,92,0,103,0,97,33,37,37,72,72,77,82,102,44,102,95,72,50,62,71,65,0,91,47,52,58,71,32,111,44,146,145,220,91,213,142]} 1. Nf3 Nf6 2. c4 g6 3. Nc3 d5 4. cxd5 Nxd5 5. e4 Nxc3 6. dxc3 Qxd1+ 7. Kxd1 f6 {LiveBook: 339 Games} 8. a4 {[%cal Ba2a4,Ba4a5][%mdl 32] A16: English Opening: 1...Nf6 with ...d5} (8. Be3 e5 9. Nd2 Nd7 10. Nb3 h5 11. f3 Nb6 12. Kc2 Bd7 13. Nc5 Bc6 14. b3 Bh6 15. Bxh6 Rxh6 16. a4 Ke7 17. Bb5 {½-½ (38) So,W (2778)-Aronian,L (2764) Leuven 2018}) 8... e5 9. a5 $146 ({Predecessor:} 9. Be3 Be6 10. Kc2 Nd7 11. Nd2 Bc5 12. Bxc5 Nxc5 13. b4 Nd7 14. Bc4 Ke7 15. Rhd1 {½-½ (15) Szeberenyi,A (2316)-Kislik,E (2340) Budapest 2014}) 9... Be6 10. Be3 {White has an edge.} Nd7 11. b4 h5 12. Nd2 Bh6 13. Bxh6 Rxh6 14. h4 Rd8 15. Kc2 a6 16. Be2 Rh7 17. Rhd1 Nf8 18. g3 Rhd7 19. Nf1 Rxd1 20. Rxd1 Rxd1 21. Kxd1 $11 {[%mdl 4096] Endgame KBN-KBN} c6 22. Kd2 Ke7 23. Ke3 Nd7 24. Nd2 Bh3 25. f4 Be6 26. Nc4 Bh3 27. Nb2 Be6 28. Nc4 Bh3 $1 29. Kf2 Be6 30. Ne3 Bf7 31. Bf1 Nf8 32. Bh3 (32. f5 $16) 32... Kd6 $14 33. Ke2 Ba2 {[#]} (33... exf4 $11 34. gxf4 c5) 34. Kf3 (34. f5 $1 $16) 34... Bf7 (34... exf4 $11 {keeps the balance.} 35. gxf4 Ne6) 35. Bf1 $16 Ke7 36. Bd3 (36. f5 $16) 36... Nd7 ({Black should play} 36... g5 $14) 37. Be2 Kd6 38. Bf1 Ke7 39. Bh3 (39. c4 $16) 39... Bb3 (39... c5 $1 $11 {remains equal.}) 40. Ke2 Ba2 41. Kf2 Bf7 42. Bf1 Nf8 $1 43. Kf3 Nd7 44. Nd1 (44. c4 $16) 44... Be6 $14 {aiming for ...Bg4+.} 45. Nb2 Kd6 46. Ke3 Ke7 47. Be2 Bf7 48. Nd1 (48. f5 $16) 48... Nf8 (48... Kd6 $14) 49. Nf2 $16 Nd7 50. Bf1 Be6 51. Nd3 Kd6 52. Nb2 Ke7 53. Nc4 Bf7 54. Kd2 Be6 55. Ne3 Bf7 (55... exf4 $1 $14 56. gxf4 g5) 56. Bh3 ({White should try} 56. f5 $16) 56... Kd6 {[#]} (56... c5 $14) 57. c4 $1 {[%cal Bc3c4,Bc4c5][%mdl 32]} Nf8 (57... c5 $16 {is a better defense.}) 58. Kc3 (58. c5+ $18 {and the rest is easy.} Kc7 59. f5) 58... Kc7 (58... c5 $16 {keeps fighting.}) 59. c5 {Precision: White = 46%, Black = 35%.} 1/2-1/2

[Event "3rd India-China Summit 2018"]
[Site "Bhubaneswar"]
[Date "2018.10.20"]
[Round "2"]
[White "Xu, Yinglun"]
[Black "Aryan Chopra"]
[Result "1/2-1/2"]
[WhiteElo "2533"]
[BlackElo "2541"]
[Annotator "TA"]
[PlyCount "71"]
[EventDate "2018.10.17"]
[EventType "schev"]
[EventCountry "IND"]
[SourceTitle "playchess.com"]
[Source "ChessBase"]
[SourceQuality "1"]
[WhiteTeam "China"]
[BlackTeam "India"]
[WhiteTeamCountry "CHN"]
[BlackTeamCountry "IND"]

{[%evp 22,71,63,62,49,49,74,64,75,76,68,73,75,56,47,2,10,0,24,0,0,-51,-50,-31,0,0,0,-41,-39,-31,-31,-51,0,0,0,-12,0,-65,-18,-21,-19,-22,0,0,0,0,0,0,0,0,29,-80]} 1. d4 Nf6 2. c4 g6 3. Nc3 Bg7 4. e4 d6 5. Be2 O-O 6. Nf3 e5 7. O-O Nc6 8. d5 Ne7 9. Bg5 h6 10. Be3 {E97: King's Indian: Classical Main Line (6...e5 7 0-0 Nc6): 8 Be3 and 8 d5 Ne7, not 9 Ne1} (10. Bxf6 Bxf6 11. b4 a5 12. a3 Bg7 13. c5 f5 14. Bd3 Kh8 15. Rc1 axb4 16. axb4 Bd7 17. Nd2 f4 18. Nb5 Rf6 19. Qb3 g5 20. cxd6 cxd6 {1-0 (39) Erdos,V (2614)-Mamedov,R (2689) Minsk 2017 CBM 179 [Bronznik,V]}) 10... Ne8 11. Nd2 f5 12. f3 {LiveBook: 6 Games. White is slightly better.} c5 13. Rb1 f4 14. Bf2 g5 $146 ({Predecessor:} 14... h5 15. b4 b6 16. bxc5 bxc5 17. Qa4 g5 18. Rb2 {0-1 (41) Beilfuss,W (2275)-Begnis,N (2315) Germany 1994}) 15. b4 b6 16. bxc5 bxc5 17. Qa4 Ng6 18. Qc6 Bd7 19. Qa6 h5 20. h3 Rf7 21. Bd1 ({White should play} 21. Rb3 $11) 21... Bf8 $15 22. Ba4 Bc8 23. Qc6 Bd7 24. Qa6 g4 25. Bxd7 Qxd7 26. Qa4 g3 (26... Qc8 $15) 27. Be1 $11 Qc8 28. Ne2 Nf6 {[%cal Be8f6,Bf6d7,Bd7f8][%mdl 32]} 29. Rb3 (29. Nb3 $11) 29... Nd7 30. Kh1 Be7 31. Ra3 Ndf8 32. Qa6 Qd7 33. Qa4 Qc8 34. Qa6 Qd7 35. Qa4 Qd8 36. Qd1 {Precision: White = 53%, Black = 64%.} (36. Nb3 $11) 1/2-1/2